[Event "Rheinhausen-ch 12th"]
[Site "Duisburg Rheinhausen"]
[Date "2008.02.15"]
[Round "5"]
[White "Hoffmann, Fabian"]
[Black "Heinert, Alex"]
[Result "0-1"]
[WhiteElo "1696"]
[BlackElo "2057"]
[PlyCount "46"]
[EventDate "2008.01.11"]
[EventType "swiss"]
[EventRounds "7"]
[EventCountry "GER"]
[SourceTitle "EXT 2018"]
[Source "ChessBase"]
[SourceDate "2017.10.13"]
[SourceVersion "1"]
[SourceVersionDate "2017.10.13"]
[SourceQuality "1"]

1. e4 c5 2. Nf3 d6 3. d4 cxd4 4. Nxd4 Nf6 5. Bd3 g6 6. c4 Bg7 7. Nc3 0-0 8. 0-0 Nc6 9. Nf3 b6 10. Be3 Bb7 11. Qd2 Ng4 12. Bf4 Rc8 13. h3 Nge5 14. Nxe5 Nxe5 15. Bxe5 Bxe5 16. b3 a6 17. Rac1 e6 18. Ne2 f5 19. exf5 gxf5 20. Ng3 Kh8 21. Qe3 f4 22. Qe2 fxg3 23. Qh5 Qe7 0-1

[Event "Rheinhausen-ch 12th"]
[Site "Duisburg Rheinhausen"]
[Date "2008.02.08"]
[Round "4"]
[White "Heinert, Alex"]
[Black "Angermann, Immo Frank"]
[Result "1-0"]
[WhiteElo "2057"]
[BlackElo "1514"]
[PlyCount "95"]
[EventDate "2008.01.11"]
[EventType "swiss"]
[EventRounds "7"]
[EventCountry "GER"]
[SourceTitle "EXT 2018"]
[Source "ChessBase"]
[SourceDate "2017.10.13"]
[SourceVersion "1"]
[SourceVersionDate "2017.10.13"]
[SourceQuality "1"]

1. e4 c6 2. d4 d5 3. Nc3 dxe4 4. Nxe4 Bf5 5. Ng3 Bg6 6. Nf3 e6 7. h4 h6 8. Ne5 Bh7 9. Bc4 Nf6 10. Qe2 Nd5 11. c3 Bd6 12. Bd2 Nd7 13. 0-0-0 Qc7 14. Rde1 N7b6 15. Bb3 0-0-0 16. a3 Qe7 17. c4 Bxe5 18. Qxe5 Nd7 19. Qe2 Nc7 20. Ne4 f5 21. Bb4 c5 22. Nxc5 Qf7 23. Nxe6 Rde8 24. d5 Qg6 25. c5 f4 26. Bc2 Qxc2+ 27. Qxc2 Bxc2 28. Kxc2 Nxd5 29. Bd2 Rhg8 30. b4 g5 31. hxg5 hxg5 32. Rh5 Rg6 33. Nxf4 Rxe1 34. Rh8+ Kc7 35. Nxd5+ Kc6 36. Bxe1 Kxd5 37. Rd8 Rg7 38. Bc3 Rf7 39. f3 Kc4 40. Rg8 Re7 41. Kd2 Ne5 42. Rxg5 Rd7+ 43. Kc2 Nd3 44. Rg4+ Kb5 45. Re4 Ka4 46. g4 Kxa3 47. g5 Nf2 48. g6 1-0

[Event "Rheinhausen-ch 11th"]
[Site "Duisburg Rheinhausen"]
[Date "2007.01.12"]
[Round "1"]
[White "Grunwald, Guenther"]
[Black "Heinert, Alex"]
[Result "0-1"]
[WhiteElo "1478"]
[BlackElo "2014"]
[PlyCount "96"]
[EventDate "2007.01.12"]
[EventType "swiss"]
[EventRounds "7"]
[EventCountry "GER"]
[SourceTitle "EXT 2018"]
[Source "ChessBase"]
[SourceDate "2017.10.13"]
[SourceVersion "1"]
[SourceVersionDate "2017.10.13"]
[SourceQuality "1"]

1. e4 c5 2. c3 Nf6 3. e5 Nd5 4. d4 cxd4 5. cxd4 d6 6. Nf3 Nc6 7. Bc4 e6 8. 0-0 Nb6 9. Bb5 Bd7 10. Nc3 dxe5 11. dxe5 Bb4 12. Qd3 a6 13. Bxc6 Bxc6 14. Qxd8+ Rxd8 15. Bg5 Rd7 16. Rfd1 0-0 17. Nd4 Bd5 18. Nxd5 Rxd5 19. Nf3 h6 20. Be3 Rfd8 21. Rxd5 Nxd5 22. Bd4 Rc8 23. a3 Be7 24. g3 Rc2 25. Ne1 Rc4 26. Nf3 g5 27. Rd1 g4 28. Ne1 h5 29. b3 Rc6 30. Bb2 Bg5 31. b4 Kg7 32. Nd3 b6 33. Ne1 Kg6 34. Kf1 Kf5 35. Nd3 Rc2 36. Rb1 Ke4 37. Ne1 Rc4 38. Ke2 Bh6 39. Ba1 Bg7 40. f4 gxf3+ 41. Nxf3 Nc3+ 42. Bxc3 Rxc3 43. Nd2+ Kxe5 44. a4 Bh6 45. Nf3+ Ke4 46. Ne1 Ra3 47. a5 Ra2+ 48. Kd1 Rd2+ 0-1

[Event "Rheinhausen-ch 10th"]
[Site "Duisburg Rheinhausen"]
[Date "2006.03.17"]
[Round "6.2"]
[White "Proettel, Swen"]
[Black "Heinert, Alex"]
[Result "0-1"]
[WhiteElo "2111"]
[BlackElo "1990"]
[PlyCount "66"]
[EventDate "2006.01.06"]
[EventType "swiss"]
[EventRounds "7"]
[EventCountry "GER"]
[SourceTitle "EXT 2007"]
[Source "ChessBase"]
[SourceDate "2006.11.23"]
[SourceVersion "1"]
[SourceVersionDate "2006.11.23"]
[SourceQuality "1"]

1. e4 e5 2. Nf3 Nc6 3. Bc4 Bc5 4. c3 d6 5. 0-0 Nf6 6. d4 exd4 7. cxd4 Bb6 8. h3 h6 9. Re1 0-0 10. Nc3 Re8 11. Bb3 Ne7 12. Qd3 Be6 13. d5 Bd7 14. Na4 Ba5 15. Nc3 Bb6 16. Bf4 Ng6 17. Bh2 Nh5 18. e5 Nhf4 19. Bxf4 Nxf4 20. Qd2 dxe5 21. Na4 Qf6 22. Nxb6 axb6 23. Re3 Bxh3 24. g3 e4 25. Nd4 Nd3 26. Nb5 Re7 27. Nc3 Bf5 28. d6 Qxd6 29. Nd5 Re5 30. Nc3 Rd8 31. Rd1 Rd7 32. Qe2 Qc5 33. Nxe4 Bxe4 0-1

[Event "Rheinhausen-ch 10th"]
[Site "Duisburg Rheinhausen"]
[Date "2006.02.17"]
[Round "4.6"]
[White "Kaiser, Daniel"]
[Black "Heinert, Alex"]
[Result "0-1"]
[WhiteElo "1654"]
[BlackElo "1990"]
[PlyCount "110"]
[EventDate "2006.01.06"]
[EventType "swiss"]
[EventRounds "7"]
[EventCountry "GER"]
[SourceTitle "EXT 2007"]
[Source "ChessBase"]
[SourceDate "2006.11.23"]
[SourceVersion "1"]
[SourceVersionDate "2006.11.23"]
[SourceQuality "1"]

1. e4 c5 2. Nc3 Nc6 3. g3 g6 4. Bg2 Bg7 5. Nge2 e6 6. d3 Nge7 7. 0-0 0-0 8. Be3 Nd4 9. Rb1 d6 10. Nf4 Rb8 11. Nce2 e5 12. Nd5 Nxd5 13. exd5 Qa5 14. a3 Bd7 15. Bd2 Qc7 16. c4 b5 17. Nxd4 cxd4 18. Qe2 bxc4 19. dxc4 Bf5 20. Be4 Bxe4 21. Qxe4 Qxc4 22. Rfc1 Qb5 23. Bb4 Rb6 24. Rc6 Rxc6 25. dxc6 d5 26. Qh4 Rc8 27. c7 Qd7 28. Ba5 f6 29. Rc1 h5 30. Rc5 Kf7 31. b4 Bh6 32. Kg2 d3 33. Qh3 f5 34. Kf1 Bf8 35. Rc3 e4 36. Qh4 Be7 37. Qf4 Bf6 38. Rc1 Qe7 39. Rc6 d4 40. Qh6 e3 41. Qh7+ Kf8 42. Qxe7+ Kxe7 43. fxe3 dxe3 44. b5 g5 45. Ra6 e2+ 46. Ke1 Rxc7 47. Bb4+ Kf7 48. Rc6 Rd7 49. Kd2 f4 50. Rc5 f3 51. Rf5 g4 52. Bc3 Rd6 53. a4 Kg6 54. Rxf6+ Rxf6 55. Bxf6 f2 0-1